000 00967 a2200193 4500
003 NUST
005 20251112175133.0
040 _cNust
082 _a621.382,BIL
100 _aBilal, GC Yasir (TCC-13)
_9131860
245 _aMicro controller based RF moving target chasing system /
_cGC Yasir Bilal , PC Aysha Daud , GC Adnan Shahid and GC Hamza Rauf
260 _aRawalpindi
_bMCS (NUST)
_c2005
300 _a93 p.;
505 _aIntroduction (Page-8), Electronic Components and Their Properties (Page-14), AT89C51 8-Bit Microcontroller With 4K Bytes Flash (Page-21), Transmitter and Receiver (PAge-30), Multiplexing (Page-38), Analog to Digital Conversion (Page-42), Orientation of Motors Using Bridge Circuit (Page-47), MATLAB Implementation and Simulation (Page-49), Assembly Code for The Microcontroller (Page-63).
650 _aUG Projects
_998716
651 _aTCC-13
_9126050
700 _aSupervised by Assr Prof. Fazal Ahmed
_9131861
942 _2ddc
_cPR
999 _c182469
_d182469